00473nam a2200145Ia 4500008004100000020001800041041000800059082001600067100001700083245014600100260002000246300002800266365001600294700001700310230718s9999 xx 000 0 und d a9789351104100 aeng a004.35bPRA aPrajapati V. aBig Data Analytics With R And HadoopbSet Up An Integrated Infrastructure Of R And Hadoop To Turn Your Data Analytics Into Big Data Analytics c2013bPackt/SPD a219dRef 1547 C (48875) cRs.b450.00 aPrajapati V.